| 000 | 00680cam a22002291 4500 | ||
|---|---|---|---|
| 001 | sa 65004093 | ||
| 003 | DLC | ||
| 005 | 20260227112128.0 | ||
| 008 | 890530s1963 ii s000 0 maro | ||
| 010 | _asa 65004093 | ||
| 035 | _a(OCoLC)19786382 | ||
| 040 |
_aDLC _cWaU _dDLC |
||
| 042 | _apremarc | ||
| 043 | _aa-ii--- | ||
| 050 | 0 | 0 |
_aHD7287.7.I42 _bM3 |
| 110 | 1 |
_aMaharashtra (India). _bCommittee to Enquire into the Problems of Flats on Ownership Basis. |
|
| 245 | 1 | 0 | _aMālakīhakkācyā Flêṭasambandhīncyā Caukaśī Samitīcā ahavāla. |
| 260 | _c1963. | ||
| 300 |
_a77 p. _c25 cm. |
||
| 500 | _aIn Maratha. | ||
| 650 | 0 |
_aApartment houses _zIndia _zMaharashtra. |
|
| 999 |
_c63523 _d63523 |
||